ANALOG FILTER DESIGN BY MEANS OF BILINEAR TRANSFORMATION

Bibliographic Details
Main Author: Zaplatílek, Karel (Author)
Format: Article
Language:English
ISBN:807100605X

MARC

LEADER 00000naa a2200000uu 4500
001 vtls010940109
003 SK-MaSNL
005 20260302123016.0
008 210902|1999 xo |||||||||||||||||eng|
015 |a SNBRA 
035 |a (urnnbn)urn:nbn:sk:snk:ar-a0bb1a 
035 |a (uuid)6119cd4b-8c35-4169-b0d0-b7558c37e539 
035 |a urn:nbn:sk:snk-aau3bl 
040 |a SNKBUCL  |b slo  |c SNKBUCL  |e AACR2 
041 0 |a eng 
044 |a xo  |c SK 
100 1 |a Zaplatílek, Karel  |4 aut  |9 807321 
245 1 0 |a ANALOG FILTER DESIGN BY MEANS OF BILINEAR TRANSFORMATION  |c Karel Zaplatílek 
773 0 |t ELEKTRO '99  |d Žilina : University of Žilina, 1999, 1999  |g S. 113-118  |z 807100605X 
958 |a OND 
958 |a article11 
958 |a chapter 
999 |c 1280813  |d 1282743